00947nam a2200253 a 45000010005000000030008000050050017000130080041000300200032000710350014001030400023001170410008001400820032001481000030001802450151002102600057003613000042004185040064004606500028005246500037005526500042005896500028006317000034006592008BD-RjUL20211208233449.0150514s1990 ctuab b 001 0 eng  a0931816831 (acidfree paper) a(BD-RjUL) aDLCcDLCdDLCbeng aeng00a333.910095492220bWOW 19901 aWood, Geoffrey D.,d1945-14aThe water sellers :ba cooperative venture by the rural poor /cGeoffrey D. Wood, Richard Palmer-Jones with Q.F. Ahmed, M.A.S. Mandal, S.C. Dutta. aWest Hartford, Conn., USA :bKumarian Press,cc1990. axxviii, 282 p. :bill., map ;c23 cm. aIncludes bibliographical references (p. 271-273) and index. 0aIrrigationzBangladesh. 0aWater-supply, RuralzBangladesh. 0aAgriculture, CooperativezBangladesh. 0aRural poorzBangladesh.2 aPalmer-Jones, Richard,d1946-